The code of criminal procedure

Bibliographic Details
Other Authors: Keshavlal Thakore, Dhirajlal, Rachhoddas, Ratanlal
Format: Book
Published: India : LexisNexis Butterworths Wadhwa Nagpur , 2010
Edition:19th Ed.
Subjects:

MARC

LEADER 00000cam a2200000 7i4500
001 0000003821
005 20110714.0
020 0 0 |a 9788180385919 
090 0 0 |a R 345.028509595   |b CRIM 2010 
245 1 0 |a The code of criminal procedure   |c Ratanlal Ranshhoddas& Dhirajlal Keshavlal Thakore 
250 0 0 |a 19th Ed. 
260 0 0 |a India :   |b LexisNexis Butterworths Wadhwa Nagpur ,   |c 2010 
300 |a cccxciv, 2424 p. ;   |c 24 cm. 
650 0 0 |a Criminal law   |z India 
650 0 0 |a Criminal procedure   |z India 
700 0 1 |a Keshavlal Thakore, Dhirajlal 
700 0 1 |a Rachhoddas, Ratanlal 
998 |a JPSM 
999 |a 007648   |b Monograph   |c Reference   |e Default branch